النص الأدبي الحديث في صناعة الأحداث ومواكبتها: وقائع المؤتمر الدولي الثاني لكلية الأداب والعلوم التربوية عجلون - جامعة عجلون الوطنية- الاردن - 5-7 آب 2014=Modern Literaray Text in the Making and Keeping up with Events : Proceedings of the Second International Conference of the FacuIty of Arts and Educational Sciences 5-7/8/2014 (Record no. 23723)
[ view plain ]
| 000 -LEADER | |
|---|---|
| fixed length control field | 01093nam a2200205Ii 4500 |
| 003 - CONTROL NUMBER IDENTIFIER | |
| control field | JO-AjNU |
| 008 - FIXED-LENGTH DATA ELEMENTS--GENERAL INFORMATION | |
| fixed length control field | 230605s9999||||xx |||||||||||||| ||und|| |
| 017 ## - COPYRIGHT OR LEGAL DEPOSIT NUMBER | |
| Copyright or legal deposit number | 2014/7/3328 |
| 040 ## - CATALOGING SOURCE | |
| Original cataloging agency | JO-AjNU |
| Language of cataloging | ara |
| Description conventions | rda |
| Transcribing agency | JO-AjNU |
| 041 ## - LANGUAGE CODE | |
| Language code of text/sound track or separate title | ara |
| 050 14 - LIBRARY OF CONGRESS CALL NUMBER | |
| Classification number | PJ7538.F87 2014 |
| 100 3# - MAIN ENTRY--PERSONAL NAME | |
| Personal name | تحرير فريحات، مريم جبر, |
| Relator term | author |
| 9 (RLIN) | 46348 |
| 245 00 - TITLE STATEMENT | |
| Title | النص الأدبي الحديث في صناعة الأحداث ومواكبتها: وقائع المؤتمر الدولي الثاني لكلية الأداب والعلوم التربوية عجلون - جامعة عجلون الوطنية- الاردن - 5-7 آب 2014=Modern Literaray Text in the Making and Keeping up with Events : Proceedings of the Second International Conference of the FacuIty of Arts and Educational Sciences 5-7/8/2014 |
| 264 31 - PRODUCTION, PUBLICATION, DISTRIBUTION, MANUFACTURE, AND COPYRIGHT NOTICE | |
| Place of production, publication, distribution, manufacture | اربد: عالم الكتب الحديث، 2014 |
| 300 ## - PHYSICAL DESCRIPTION | |
| Extent | 810ص |
| 336 ## - CONTENT TYPE | |
| Content type term | text |
| Content type code | txt |
| Source | rdacontent |
| 337 ## - MEDIA TYPE | |
| Media type term | unmediated |
| Media type code | n |
| Source | rdamedia |
| 338 ## - CARRIER TYPE | |
| Carrier type term | volume |
| Carrier type code | nc |
| Source | rdacarrier |
| 650 #4 - SUBJECT ADDED ENTRY--TOPICAL TERM | |
| Topical term or geographic name entry element | الادب العربي - العصر الحديث - مؤتمرات |
| 9 (RLIN) | 46349 |
| Withdrawn status | Lost status | Source of classification or shelving scheme | Damaged status | Not for loan | Home library | Current library | Shelving location | Date acquired | Total Checkouts | Full call number | Barcode | Date last seen | Price effective from | Koha item type |
|---|---|---|---|---|---|---|---|---|---|---|---|---|---|---|
| Library of Congress Classification | مكتبة جامعة عجلون الوطنية | مكتبة جامعة عجلون الوطنية | المجموعات العامة | 06/06/2023 | PJ7538.F87 2014 | A20155 | 06/06/2023 | 06/06/2023 | Books |